000 00797nam a22002657a 4500
005 20110510121557.0
008 110510t xxu||||| |||| 00| 0 eng d
010 _aENG-102420
020 _a9788120342835
_c275.00
035 _aEN-85953
037 _bDBAD/PUB
040 _aDPL
_bEng
082 _a327
100 _aGhosh,Peu
_927875
245 _aInternational relations /
_cby Peu Ghosh
250 _a2nd ed
260 _aNew Delhi
_bPHI Learning
_c2011
270 _aM-97,Connaught Circus
_bNew Delhi
_e110001
300 _axvi,415p.
_c23cm (pbk)
500 _aIncludes index
650 _927887
700 _927963
942 _2ddc
_cEN
_h327
_mGHO
999 _c52287
_d52287